Welcome to WEB OPAC of MRSPTU Central Library

Theory of machines and mechanisms (Record no. 5895)

MARC details
000 -LEADER
fixed length control field 00477nam a2200181Ia 4500
008 - FIXED-LENGTH DATA ELEMENTS--GENERAL INFORMATION
fixed length control field 230711s9999||||xx |||||||||||||| ||und||
020 ## - INTERNATIONAL STANDARD BOOK NUMBER
International Standard Book Number 978-0-19-945415-7
041 ## - LANGUAGE CODE
Language code of text/sound track or separate title ENG
082 ## - DEWEY DECIMAL CLASSIFICATION NUMBER
Classification number 621.8
Item number UI-T
100 ## - MAIN ENTRY--PERSONAL NAME
Personal name Uicker, John J
245 #0 - TITLE STATEMENT
Title Theory of machines and mechanisms
250 ## - EDITION STATEMENT
Edition statement 1st . Ed.
260 ## - PUBLICATION, DISTRIBUTION, ETC.
Date of publication, distribution, etc. 2011
Place of publication, distribution, etc. New Delhi
Name of publisher, distributor, etc. Oxford & IBH Publishing Co.Pvt.Ltd.
300 ## - PHYSICAL DESCRIPTION
Extent 772p.
650 ## - SUBJECT ADDED ENTRY--TOPICAL TERM
Topical term or geographic name entry element Mechanical Engineering
700 ## - ADDED ENTRY--PERSONAL NAME
Personal name Pennock,Gorden R
942 ## - ADDED ENTRY ELEMENTS (KOHA)
Koha item type Book
Holdings
Withdrawn status Lost status Damaged status Not for loan Collection Home library Current library Date acquired Cost, normal purchase price Inventory number Total checkouts Full call number Barcode Date last seen Price effective from Koha item type Source of acquisition
          MRSPTU Central Library MRSPTU Central Library   625.00 742483   621.8 UI-T 31705 08/17/2023 08/17/2023 Book  
          MRSPTU Central Library MRSPTU Central Library   625.00 742483   621.8 UI-T 31706 08/17/2023 08/17/2023 Book  
          MRSPTU Central Library MRSPTU Central Library   625.00 742483   621.8 UI-T 31707 08/17/2023 08/17/2023 Book  
          MRSPTU Central Library MRSPTU Central Library   625.00 742483   621.8 UI-T 31708 08/17/2023 08/17/2023 Book  
          MRSPTU Central Library MRSPTU Central Library   625.00 742483   621.8 UI-T 31709 08/17/2023 08/17/2023 Book  
          MRSPTU Central Library MRSPTU Central Library   625.00 742483   621.8 UI-T 31710 08/17/2023 08/17/2023 Book  
          MRSPTU Central Library MRSPTU Central Library 08/09/2043 745.00 KBD/2017-2018/1019443059   621.8 UI-T 39664 08/17/2023 08/17/2023 Book Krishna Book Distributors
          MRSPTU Central Library MRSPTU Central Library 08/09/2043 745.00 KBD/2017-2018/1019443059   621.8 UI-T 39665 08/17/2023 08/17/2023 Book Krishna Book Distributors
          MRSPTU Central Library MRSPTU Central Library 08/09/2043 745.00 KBD/2017-2018/1019443059   621.8 UI-T 39666 08/17/2023 08/17/2023 Book Krishna Book Distributors
          MRSPTU Central Library MRSPTU Central Library 08/09/2043 745.00 KBD/2017-2018/1019443059   621.8 UI-T 39667 08/17/2023 08/17/2023 Book Krishna Book Distributors
          MRSPTU Central Library MRSPTU Central Library 08/09/2043 745.00 KBD/2017-2018/1019443059   621.8 UI-T 39668 08/17/2023 08/17/2023 Book Krishna Book Distributors
          MRSPTU Central Library MRSPTU Central Library 08/09/2043 745.00 KBD/2017-2018/1019443059   621.8 UI-T 39669 08/17/2023 08/17/2023 Book Krishna Book Distributors

Website Designed and Developed by MRSPTU Central Library Team

E-mail Id: librarian@mrsptu.ac.in